| 000 -LEADER |
| fixed length control field |
01814 a2200313 4500 |
| 003 - CONTROL NUMBER IDENTIFIER |
| control field |
OSt |
| 005 - DATE AND TIME OF LATEST TRANSACTION |
| control field |
20180116192335.0 |
| 008 - FIXED-LENGTH DATA ELEMENTS--GENERAL INFORMATION |
| fixed length control field |
120419t xxu||||| |||| 00| 0 eng d |
| 010 ## - LIBRARY OF CONGRESS CONTROL NUMBER |
| LC control number |
2008921849 |
| 020 ## - INTERNATIONAL STANDARD BOOK NUMBER |
| International Standard Book Number |
3791339265 |
| 020 ## - INTERNATIONAL STANDARD BOOK NUMBER |
| International Standard Book Number |
9783791339269 |
| 035 ## - SYSTEM CONTROL NUMBER |
| System control number |
(OCoLC)ocn191856233 |
| 040 ## - CATALOGING SOURCE |
| Transcribing agency |
0 |
| 082 04 - DEWEY DECIMAL CLASSIFICATION NUMBER |
| Classification number |
720.9 |
| 100 1# - MAIN ENTRY--PERSONAL NAME |
| Personal name |
Pfammatter, Ulrich. |
| 9 (RLIN) |
754 |
| 245 10 - TITLE STATEMENT |
| Title |
Building the future : |
| Remainder of title |
building technology and cultural history from the Industrial Revolution until today / |
| Statement of responsibility, etc. |
Ulrich Pfammatter ; [translated from the German by Jeremy Gaines and James Roderick O'Donovan]. |
| 260 ## - PUBLICATION, DISTRIBUTION, ETC. |
| Place of publication, distribution, etc. |
Munich ; |
| -- |
New York : |
| Name of publisher, distributor, etc. |
Prestel, |
| Date of publication, distribution, etc. |
c2008. |
| 300 ## - PHYSICAL DESCRIPTION |
| Extent |
325 p. : |
| Other physical details |
ill. (chiefly col.), plans ; |
| Dimensions |
29 cm. |
| 500 ## - GENERAL NOTE |
| General note |
Includes bibliographical refrences and index |
| 505 0# - FORMATTED CONTENTS NOTE |
| Formatted contents note |
From greenhouse to 'high-tech' hothouse' - virtual experience space of industrial and communicative societies -- Building as an art or the art of building? Railway sheds, expo pavilions, terminals - spatial landscapes of the future -- How concrete became lighter - 100 years of concrete pioneers -- The 'liberated facade' - from wall to partition to skin -- Process thinking conquers construction - industrialisation from the balloon frame to the skyscraper -- "Sustainable building design" - a future project -- Sir Ove Arup: the key search, 1970. |
| 650 #0 - SUBJECT ADDED ENTRY--TOPICAL TERM |
| Topical term or geographic name entry element |
Architecture, Modern |
| Chronological subdivision |
19th century. |
| 9 (RLIN) |
755 |
| 650 #0 - SUBJECT ADDED ENTRY--TOPICAL TERM |
| Topical term or geographic name entry element |
Architecture, Modern |
| Chronological subdivision |
20th century. |
| 9 (RLIN) |
756 |
| 650 #0 - SUBJECT ADDED ENTRY--TOPICAL TERM |
| Topical term or geographic name entry element |
Architectural design. |
| 9 (RLIN) |
757 |
| 650 #0 - SUBJECT ADDED ENTRY--TOPICAL TERM |
| Topical term or geographic name entry element |
Building |
| General subdivision |
Technological innovations. |
| 9 (RLIN) |
758 |
| 650 #0 - SUBJECT ADDED ENTRY--TOPICAL TERM |
| Topical term or geographic name entry element |
Building materials |
| General subdivision |
Technological innovations. |
| 9 (RLIN) |
759 |
| 856 41 - ELECTRONIC LOCATION AND ACCESS |
| Materials specified |
Table of contents only |
| Uniform Resource Identifier |
<a href="http://www.loc.gov/catdir/toc/fy0903/2008921849.html">http://www.loc.gov/catdir/toc/fy0903/2008921849.html</a> |
| 942 ## - ADDED ENTRY ELEMENTS (KOHA) |
| Institution code [OBSOLETE] |
SADA |
| Koha item type |
Book |
| Call number prefix |
720.9 PFA 2008 |
| Source of classification or shelving scheme |
|